[Event "Kazan FIDE GP (Women) 4th"]
[Site "Kazan"]
[Date "2012.06.12"]
[Round "3"]
[White "Stefanova, Antoaneta"]
[Black "Lagno, Kateryna"]
[Result "1/2-1/2"]
[WhiteElo "2518"]
[BlackElo "2546"]
[Annotator "Mikhalchishin,A"]
[PlyCount "95"]
[EventDate "2012.06.09"]
[EventType "tourn"]
[EventRounds "11"]
[EventCountry "RUS"]
[EventCategory "11"]
[SourceTitle "CBM 149"]
[Source "ChessBase"]
[SourceDate "2012.07.17"]
[SourceVersion "1"]
[SourceVersionDate "2012.07.17"]
[SourceQuality "1"]

1. d4 Nf6 2. Nf3 g6 3. c4 Bg7 4. Nc3 d5 5. Qb3 dxc4 6. Qxc4 O-O 7. e4 Bg4 8.
Be2 Nfd7 9. Be3 Nb6 10. Qd3 {An old fashioned move; Black faces more problems
after 10.Qc5.} Nc6 ({It is possible to chose the positional way} 10... Bxf3 11.
gxf3 e6 12. h4 Nc6 13. O-O-O Qd7 14. h5 Rfd8 15. hxg6 hxg6 16. e5 Nb4 17. Qe4
Qc6 18. Kb1 N6d5 19. Rc1 Nxe3 20. fxe3 Qxe4+ 21. fxe4 c5 22. Nb5 cxd4 23. exd4
Nc6 24. Rcd1 {1/2 Kotov,A-Smyslov,V/Parnu 1947/MCL (31)}) ({Or a direct attack
on the centre:} 10... f5 11. exf5 Bxf5 12. Qd2 Nc6 13. O-O e5 14. d5 Ne7 15.
Rfd1 Nec8 16. Bh6 Qe7 17. Bxg7 Qxg7 18. a4 Nd6 19. a5 Nd7 20. Qe3 a6 21. Rac1
Rae8 22. Na4 e4 23. Nd4 Ne5 24. Nc5 Nd3 25. Bxd3 exd3 26. Nde6 Bxe6 27. Nxe6
Qxb2 28. Rxc7 {1/2 Luckis,M-Castillo,M/Mar del Plata 1950/MCL (42)}) 11. d5 ({
The question is - to move forward or to try to centralise the rook:} 11. O-O-O
Qc8 12. Qc2 e5 13. Nxe5 Nxe5 14. dxe5 Bxe5 15. Bxg4 Qxg4 16. f3 Qe6 17. Bd4
Rad8 18. Bxe5 Qxe5 19. g3 c6 20. Rxd8 Rxd8 21. Rd1 Rd4 22. f4 Qc5 23. Rxd4 Qxd4
24. b3 Qg1+ 25. Kb2 Qe3 26. Qe2 {1/2 Pachman,L-Keres,P/Moscow 1947/MCL (33)}) (
11. Rd1 Bxf3 12. Bxf3 e5 13. d5 Nd4 14. Be2 f5 15. f3 Qh4+ 16. Bf2 fxe4 17.
Bxh4 exd3 18. Bxd3 Bh6 19. O-O Nf5 20. Bxf5 gxf5 21. Rfe1 Nc4 22. b3 Nb2 23.
Rb1 Bd2 24. Nb5 Bxe1 25. Rxe1 Rf7 26. Rxe5 Nd3 27. Re3 {0-1 Bain,B-Chow,A 
(2300)/Chicago 1990/EXT 1997 (55)}) 11... Bxf3 12. gxf3 Ne5 13. Qb5 ({A
slightly better try was} 13. Qc2 Nec4 14. Bc1 e6 15. Qb3 ({Better was} 15. dxe6
fxe6 16. f4 Qd7 {with unclear play} 17. O-O) 15... exd5 16. Nxd5 Na5 17. Qa3
Nxd5 18. Qxa5 Ne7 19. Bg5 h6 20. Rd1 Qe8 21. Be3 Qc8 22. Bc4 Nc6 23. Qa3 Qh3
24. Bf4 {0-1 Skacelik,P (2270)-Rosko,L (2313)/Czechia 2010/CBM 135 Extra (39)})
13... c6 14. dxc6 Nxc6 15. Rd1 Nd4 16. Bxd4 ({After} 16. Qd3 e5 17. Nb5 Qe7 18.
O-O Rfd8 19. Nxd4 exd4 20. Bd2 Nd7 {The black knight returns powerfully to the
game.}) 16... Bxd4 17. Qb4 e5 18. Nb5 ({Black would remain slightly better
after} 18. h4 a6 19. h5 Qf6 20. a4 a5 21. Qb3 Rfd8) 18... Qg5 ({A very good
option was the try to control the black squares:} 18... a5 19. Qb3 Qf6 20. Nxd4
exd4 21. f4 Rfe8 22. Qf3 Qe6 23. e5 Qxa2) 19. Kf1 Qh4 ({Black did not like to
be driven back:} 19... Rfd8 20. h4 Qf6) 20. Nxd4 Qh3+ ({Black could get very
good compensation for the pawn after} 20... exd4 21. Rxd4 Rac8 22. Qd2 Rfd8 23.
Kg2 Rxd4 24. Qxd4 Qg5+ 25. Kh3 Rd8 26. Qb4 Rd2) 21. Kg1 exd4 22. Rxd4 Rfd8 23.
f4 (23. b3 {was slightly better:} Rxd4 24. Qxd4 Rc8 25. Qd2 Nd7 26. Bf1 Qxf3
27. Qxd7 Rc1 28. Qd8+ Kg7 29. Qd4+ {with a perpetual.}) 23... Rac8 24. Rxd8+
Rxd8 25. f5 (25. b3 {guaranteed more chances of equalising:} Qh4 26. Kg2 Qxf4
27. Rd1) 25... Qh4 $1 26. fxg6 hxg6 27. h3 Rc8 ({It was necessary to bring
back the knight into the game} 27... Nd5 28. Qxb7 Qg5+ 29. Kh2 Qe5+ 30. Kg1 Nf4
31. Bf1 Qg5+ 32. Kh2 Rd2 {with the decisive threats.}) 28. Qd4 Rc2 ({Much more
direct would be} 28... Qg5+ 29. Bg4 Rd8 30. Qe3 Rd1+ 31. Kg2 Qxe3 32. fxe3 Rd2+
) 29. Kf1 Qg5 30. Bg4 Qc1+ (30... Rd2 $1 {was very good:} 31. Qc3 Na4) 31. Kg2
Qxb2 32. Qxb2 Rxb2 33. Rc1 $1 Rxa2 34. Rc7 {Now White has sacrificed a pawn
and was able to activate her pieces.} a5 35. e5 $1 {Threatening e5-e6
activating the bishop.} Nd5 36. Rxb7 Ne3+ {Giving up any ambitions of winning.}
37. Kg3 Nxg4 38. hxg4 g5 39. Rb8+ Kg7 40. Rb7 $1 Re2 41. Rb5 a4 42. e6 f6 43.
Ra5 Rxe6 44. Rxa4 Rb6 45. Rc4 Ra6 46. Rb4 Rc6 47. Ra4 Rb6 48. Rc4 1/2-1/2

[Event "Biel GM"]
[Site "Biel"]
[Date "2007.08.01"]
[Round "8"]
[White "Onischuk, Alexander"]
[Black "Avrukh, Boris"]
[Result "1-0"]
[WhiteElo "2650"]
[BlackElo "2645"]
[Annotator "Onischuk,A"]
[PlyCount "107"]
[EventDate "2007.07.23"]
[EventType "tourn"]
[EventRounds "9"]
[EventCountry "SUI"]
[EventCategory "18"]
[SourceTitle "CBM 120"]
[Source "ChessBase"]
[SourceDate "2007.10.02"]
[SourceVersion "1"]
[SourceVersionDate "2007.10.02"]
[SourceQuality "1"]

{This was my best game in Biel. Dies war meine beste Partie in Biel.} 1. d4 Nf6
2. c4 g6 3. Nc3 d5 4. Nf3 Bg7 5. Qb3 {I often choose Qb3 against the Grunfeld.
Black has a relatively big choice of different lines in this system, so White
has to be well prepared to play it. Ich spiele oft Qb3 gegen Grünfeld. Schwarz
hat in diesem System eine relativ breite Auswahl an Abspielen, daher muss Weiß
gut vorbereitet sein.} dxc4 6. Qxc4 O-O 7. e4 Nc6 {Avrukh chooses a not very
popular line. Avrukh wählt ein nicht sehr beliebtes Abspiel.} ({The two main
moves are Die Hauptzüge sind} 7... a6) ({and und} 7... Na6) 8. Be2 Bg4 9. d5
Na5 10. Qb4 Bxf3 11. Bxf3 c6 12. O-O Qb6 13. Qa4 Nd7 14. Rd1 $5 ({An
interesting alternative is Eine interessante Alternative ist} 14. Be3 Qxb2 15.
Rfc1 Bxc3 16. Rab1 {and now Black can either play und nun kann Schwarz entweder
} b5 {spielen} ({or he can sacrifice the queen oder mit} 16... Nb6 17. Bxb6
axb6 18. Rxb2 Bxb2 {with a solid position in both cases die Dame opfern, in
beiden Fällen mit solider Stellung.})) 14... Rfd8 {I was not aware of this
move. Diesen Zug hatte ich nicht auf der Rechnung.} ({The usual reply is Die
übliche Erwiderung lautet} 14... Nc5 15. Qc2 Nc4 16. Be2 Qb4 17. a3 Qb3 18.
Qxb3 Nxb3 19. Rb1 {with a slightly better endgame for White mit leicht
besserem Endspiel für Weiß.}) 15. Qc2 {Preparing Be3. Bereitet Be3 vor.} Rac8
16. Be3 Qb4 17. dxc6 bxc6 (17... Nxc6 {If Black took the pawn with the knight
I was going to play Nach dem Schlagen mit dem Springer wollte ich mit} 18. a3
Qa5 19. Rac1 $14 {fortsetzen} ({of course not natürlich nicht} 19. Rd5 Nb4 $1))
18. Be2 Nc4 19. Bxc4 Qxc4 20. Rac1 ({First I was going to play Zuerst wollte
ich in dieser Stellung} 20. Qa4 $1 {in this position, with the idea spielen,
mit der Idee} Qxa4 ({but then I saw , doch dann sah ich} 20... Ne5 $5 21. Rxd8+
(21. Qxa7 Nd3 22. Qxe7 Re8 23. Qa3 Ra8 $17) 21... Rxd8 22. Qxa7 Qb4 {and I
thought he should have enough compensation for the pawn und dachte, er sollte
genug Kompensation für den Bauern haben.} (22... Nd3 23. Qxe7 $16) {But this
evaluation is not correct. White is still better here. Doch diese Einschätzung
ist nicht korrekt. Weiß steht hier trotzdem besser.} 23. Rb1 Nc4 24. Bc5 Qb8
25. Qxb8 Rxb8 26. Na4 Nd2 27. Rc1 Bxb2 (27... Nxe4 28. Bxe7 $16) 28. Nxb2 Rxb2
29. Bxe7 Rxa2 30. f3 {and the endgame is very unpleasant for Black. , und das
Endspiel ist sehr unangenehm für Schwarz.}) 21. Nxa4 {with a better endgame.
mit besserem Endspiel.}) 20... Nb6 21. h3 {With the idea b3, I could not play
this move before because of Qxc3. Mit der Idee b3, vorher ging dieser Zug
nicht wegen Qxc3.} Bxc3 $2 ({The correct way was Der richtige Weg war} 21...
Rxd1+ 22. Rxd1 c5 {with an almost equal position mit nahezu gleicher Stellung.}
) 22. Rxd8+ Rxd8 23. Qxc3 Qxa2 (23... Qxe4 24. Qxc6 Rd1+ 25. Kh2 $16 Qe5+ $2
26. f4) 24. b3 $1 ({Unfortunately Leider gewinnt hier nicht} 24. Qe5 {does not
win here, since he has the great defensive move , denn er hat den großartigen
Verteidigungszug} Re8 $1 25. Rxc6 (25. Bd4 f6 26. Qc7 c5 $1) 25... Nc4) 24...
Qe2 25. Qe5 Rd1+ 26. Kh2 Rxc1 27. Qxe7 $1 {The only winning move! Der einzige
Gewinnzug!} ({After Nach} 27. Bxc1 {White is only a bit better: steht Weiß nur
ein bisschen besser:} Qd1 $8 28. Qb8+ Kg7 29. Bb2+ f6 30. Qxa7 Nc8 31. Qb7 Qb1
$1) ({and if , und falls} 27. Bh6 {then} Rh1+ $1 28. Kg3 (28. Kxh1 Qd1+ 29. Kh2
Qd6 $17) 28... Qd3+ 29. Kh4 f6 30. Qe6+ Kh8 {and I have to give a perpetual
check , muss ich Dauerschach geben mit} 31. Bg7+ (31. Qxe7 g5+) 31... Kxg7 32.
Qxe7+) 27... Rh1+ {The best chance, all other moves lose immediately. Die
beste Chance, alle anderen Züge verlieren sofort.} (27... Qd1 28. Bh6 Qg1+ 29.
Kg3 Rc3+ 30. f3 Rxf3+ 31. Kxf3 Qd1+ 32. Kg3 {and the king is escaping. und der
König entkommt.}) (27... Qxe3 28. fxe3 Rb1 29. e5 Nd5 30. Qd8+ Kg7 31. e6 fxe6
32. e4 $18) 28. Kxh1 Qd1+ 29. Kh2 Qd7 30. Qf6 {This move wins a pawn by force.}
({Of course not Natürlich nicht} 30. Qxd7 Nxd7 31. Bxa7 c5 {and because the
bishop is trapped it is impossible to win this endgame. und aufgrund des
gefangenen Läufers ist dieses Endspiel nicht zu gewinnen.}) 30... Qe6 31. Qd8+
Kg7 32. Bd4+ f6 33. Qc7+ Nd7 34. Qxa7 g5 35. Qc7 Kg6 36. f3 {We both were in a
little time pressure here and I decided to wait till he plays h5 and only then
to play f4. Wir waren hier beide in leichter Zeitnot, und ich beschloss, erst .
..h5 abzuwarten, um erst dann f4 zu spielen.} ({However, now I think that the
immediate Jetzt aber denke ich, dass das sofortige} 36. f4 {was more precise
since it does not give him a chance to play Ne5. genauer war, da es ihm nicht
die Chance zu Ne5 gibt.}) 36... h5 $6 (36... Ne5 $16) 37. f4 gxf4 38. Qxf4 Kf7
39. b4 Kg6 40. Be3 Qe5 {The game transfers into classical endgame bishop vs.
knight with pawns on both sides. Usually it is not easy to defend such
positions even with an equal number of pawns and, of course, with a pawn down
the task becomes even harder. The bishop is much stronger than the knight here.
White should win easily by creating a passed pawn on the kingside. Die Partie
geht in ein klassisches Endspiel Läufer gegen Springer mit Bauern auf beiden
Seiten über. Gewöhnlich ist dies sogar mit gleicher Bauernzahl nicht einfach
zu verteidigen, und mit einem Bauern weniger wird die Aufgabe natürlich noch
schwerer. Der Läufer ist hier viel stärker als der Springer. Weiß sollte
leicht gewinnen, indem er am Königsflügel einen Freibauern bildet.} 41. Kg3 $1
{Winning a tempo. Gewinnt ein Tempo.} Qxf4+ 42. Kxf4 Nf8 43. g4 Ne6+ 44. Kg3
hxg4 45. Kxg4 Ng7 46. h4 Nh5 47. Bd4 Ng7 48. Bc5 Ne6 (48... Nh5 {is losing
after verliert nach} 49. Bf8 {due to Zugzwang. wegen Zugzwang.}) 49. h5+ Kf7
50. h6 $1 Ng5 (50... Kg6 51. h7 Kxh7 52. Kf5 Ng5 53. e5 $18) 51. Kf5 Nf3 52.
Bf2 Nd2 53. Bd4 Nc4 54. Bxf6 1-0

[Event "RUS-Cup01 Chigorin Memorial"]
[Site "St Petersburg"]
[Date "1996.??.??"]
[Round "2"]
[White "Iskusnyh, Sergei"]
[Black "Malisauskas, Vidmantas"]
[Result "0-1"]
[WhiteElo "2460"]
[BlackElo "2525"]
[Annotator "Shipov,S"]
[PlyCount "82"]
[EventDate "1996.11.??"]
[EventType "swiss"]
[EventRounds "9"]
[EventCountry "RUS"]
[SourceTitle "CBM 056 Extra"]
[Source "ChessBase"]
[SourceDate "1997.03.01"]
[SourceVersion "1"]
[SourceVersionDate "1997.03.01"]
[SourceQuality "1"]

1. d4 Nf6 2. c4 g6 3. Nf3 Bg7 4. Nc3 d5 5. Qb3 dxc4 6. Qxc4 O-O 7. e4 Nc6 8.
Be2 Bg4 9. d5 Bxf3 10. gxf3 Ne5 (10... Na5) 11. Qb3 c6 12. f4 Ned7 13. Be3 (13.
dxc6 bxc6 14. e5 Nd5 15. Nxd5 cxd5 16. Qxd5 e6 17. Qd6 Nb6 18. Qxd8 Raxd8 $146)
(13. Qxb7 $6 cxd5 14. exd5 (14. e5 $5) 14... Qa5 $17) 13... Nb6 (13... cxd5 $2
14. e5 Ne4 15. Nxe4 dxe4 16. Qxb7 $16) 14. Rd1 (14. dxc6 bxc6 15. O-O Qc8 $1
16. Kh1 Qh3 17. Rg1 Bh6 18. Rg3 Qh4 19. e5 Nfd5 20. Rg4 Qh3 21. Rag1 Nxe3 22.
R4g3 Qc8 23. fxe3 Rb8 $132 {Flear,G-Milos,G/HUN/1987/0.5/61/}) 14... Qc7 (14...
cxd5 $6 15. e5) 15. a4 (15. h4 Rfd8 16. Bf3 Bh6 17. Bxb6 Qxb6 18. Qxb6 axb6 19.
dxc6 Rxd1+ 20. Kxd1 bxc6 $10 {Piket,J-Malishauskas,V/Moscow/1994/0.5/20/})
15... cxd5 $1 (15... Rad8 16. a5 Nc8 (16... Nbd7 17. Qa3 $1 $36) 17. Qa4 $1 Bh6
18. dxc6 bxc6 19. e5 Nd5 20. h4 $1 $14 {Piket,J-Leko,P/Groningen/1995/1:0/58/})
16. e5 (16. a5 Nc4 $1) 16... Nfd7 (16... Ne4 $2 17. Nxd5 Nxd5 18. Qxd5 $16 {
>< Ne4/}) 17. Nxd5 (17. a5 Nc4 18. Rxd5 (18. Nxd5 Qxa5+ $13) 18... Nxe3 $10)
17... Nxd5 18. Qxd5 (18. Rxd5 e6 19. Rd2 Qc6 20. O-O Nc5 $10) 18... Nb6 19. Qb5
Qc6 $1 (19... Rfd8 20. Rc1 Qd7 21. Qxd7 Rxd7 22. Bb5 $36) 20. Qxc6 (20. O-O $2
Nxa4 $1) 20... bxc6 $10 21. Bf3 $6 (21. b3) 21... Rfc8 $1 (21... Nxa4 22. Bxc6
Nxb2 23. Ra1 $10) 22. b3 (22. a5 Nc4) 22... e6 23. Ke2 Nd5 24. Rc1 (24. Rd3 $5
{/\ Rc1/}) 24... Bf8 25. Rhd1 a5 $36 {>< b3/} 26. Rd4 (26. Rd3 $5) 26... Rab8
27. Bd2 Ba3 (27... Rxb3 28. Bxd5 exd5 29. Rxd5 $10) 28. Rc2 $2 (28. Rcc4 $1 $10
) 28... c5 $1 29. Rd3 Nb4 $1 30. Bxb4 Rxb4 31. Ke3 (31. Rc4 $5 {/\} Rxc4 (31...
Rcb8 $1 $17) 32. bxc4 Bc1 33. Rb3 Bxf4 34. Rb5 Bxe5 35. Rxa5 $146) 31... c4 $17
{>< f4,a4/} 32. Rdc3 (32. bxc4 Rxa4 $17) 32... Rxb3 $1 33. Be2 (33. Rxb3 Bc5+
34. Ke2 cxb3 $17) 33... Bb4 34. Rxb3 Bc5+ 35. Kf3 cxb3 36. Rb2 Rb8 37. Bb5 $2 (
37. Bd1 Rd8 38. Bxb3 Rd3+ 39. Ke2 (39. Kg2 Bb4 $17) 39... Rh3 $17) 37... Rxb5
$1 38. axb5 a4 $19 39. b6 (39. Ke4 a3 $1 40. Rxb3 a2 $19) 39... Bxb6 40. Ke4
Bc5 $1 41. Kd3 Bb4 $1 {/\ 42...a3!/} 0-1